| 000 | 01315nad a2200349 a 4500 | ||
|---|---|---|---|
| 001 | MIU01000000000000005121583 | ||
| 003 | MiU | ||
| 005 | 20231010141111.0 | ||
| 007 | cr mnummmmuuuu | ||
| 008 | 880718s1964 nyuab sb 001 0ceng d | ||
| 010 | _z62009367 | ||
| 024 | 7 |
_a2027/heb03041 _2hdl |
|
| 040 |
_aMiU _cMiU |
||
| 041 | 1 |
_aeng _hgrc |
|
| 090 |
_aDF623 _b(INTERNET) |
||
| 130 | 0 | _937309 | |
| 245 | 1 | 0 |
_aCrusaders as conquerors _h[electronic resource] : _bthe Chronicle of Morea / _ctranslated from the Greek, with notes and introduction, by Harold E. Lurier. |
| 300 |
_a346 p. : _bill., map. ; _c23 cm. |
||
| 504 | _aIncludes bibliography (p. [327]-334) and index. | ||
| 651 | 0 |
_aAchaia (Greece) _937310 |
|
| 700 | 1 |
_aLurier, Harold E. _937311 |
|
| 830 | 0 |
_aACLS Humanities E-Book. _937312 |
|
| 856 | 4 | 0 |
_zVolltext _uhttps://hdl.handle.net/2027/heb03041 |
| 942 | _cEB | ||
| 500 | _aE-Book-ACLS / Zugriff nur im DHI-Lesesaal | ||
| 336 |
_2rdacontent _btxt _aText |
||
| 337 |
_2rdamedia _bbc _aComputermedien |
||
| 338 |
_2rdacarrier _bcr _aOnline Ressource |
||
| 264 |
_aNew York : _bColumbia University Press, _c1964. |
||
| 490 |
_aRecords of civilization, sources and studies ; _vno. 69 |
||
| 500 | _aAmerican Council of Learned Societies/ https://www.humanitiesebook.org/about/ | ||
| 999 |
_c65386 _d65386 |
||